000 00353nam a2200133Ia 4500
005 20251222141957.0
008 251222s9999||||xx |||||||||||||| ||spa||
020 _a970-10-4336-7
082 _a658.403/B83
100 _aBrickley, James A.
245 0 _aDiseƱo de Organizaciones para Crear Valor:
264 _bMcGRAW-HILL INTERAMERICANA
942 _cLIB
999 _c9869
_d9869